000 00747nam a2200217 4500
003 OSt
005 20260530113854.0
008 260507b2008 mx a|||| |||| 00| 0 spa d
040 _aICI
_bspa
_cICI
041 _aspa
050 _aNK1390
_bP47 2008
100 1 _aBoldó, Jordi,
_eautor
_95035
245 1 0 _aPequeñas Memorias /
_cJordi Boldó
264 1 _aMéxico :
_bSecretaria de Relaciones Exteriores :
_bConsejo Nacional para la Cultura y las Arrtes :
_bGobierno del Estado de Querétaro :
_bFundación Rojo Urbiola,
_c2008
300 _a144 páginas :
_bilustraciones
336 _atexto
_2rdacontent
337 _asin medio
_2rdamedia
338 _avolumen
_2rdacarrier
650 4 _aObjetos decorativos
_xDiseño
_931556
942 _2ddc
_cBK
_n1
999 _c11566
_d11566